000 00427cam a2200169 4500
001 D10209
008 090401t xxu||||| |||| 00| 0 eng d
035 _a(Sirsi) u94419
041 _aeng
050 _a526.907
100 _aBell, James Frederick
245 4 _aThe survey graduate and the Institution
350 _a0
520 _aIn: RICS. Land surveyors conference, April 1976. 1976/7
942 _n0
948 _c04/03/1997
999 _c98028
_d98028